London prime residential development pipeline 2012 (Record no. 114603)

MARC details
000 -LEADER
fixed length control field 01144cad a22002175a 4500
001 - CONTROL NUMBER
control field L157111
008 - FIXED-LENGTH DATA ELEMENTS--GENERAL INFORMATION
fixed length control field 120903s2012 xxk f 000 0 eng d
035 ## - SYSTEM CONTROL NUMBER
System control number (Sirsi) u157111
041 0# - LANGUAGE CODE
Language code of text/sound track or separate title eng
110 2# - MAIN ENTRY--CORPORATE NAME
Corporate name or jurisdiction name as entry element EC Harris
9 (RLIN) 4930
245 00 - TITLE STATEMENT
Title London prime residential development pipeline 2012
Medium [electronic resource]
260 ## - PUBLICATION, DISTRIBUTION, ETC.
Place of publication, distribution, etc. London
Name of publisher, distributor, etc. EC Harris
Date of publication, distribution, etc. 2012
520 ## - SUMMARY, ETC.
Summary, etc. Outlines details of a ten year pipeline 2012-2021 of over 15 000 units of prime residential development worth in excess of £38 billion which is at various stages of planning and development in London. Considers the impact that existing market conditions and factors such as the eurozone crisis, stamp duty charges, changes in planning law and affordable housing could have on the performance of the pipeline. Lists schemes in the pipeline.
590 ## - LOCAL NOTE (RLIN)
Local note KA NTK
651 #4 - SUBJECT ADDED ENTRY--GEOGRAPHIC NAME
Geographic name London
690 ## - LOCAL SUBJECT ADDED ENTRY--TOPICAL TERM (OCLC, RLIN)
Topical term or geographic name as entry element Planning and development
9 (RLIN) 6259
690 ## - LOCAL SUBJECT ADDED ENTRY--TOPICAL TERM (OCLC, RLIN)
Topical term or geographic name as entry element Residential property
9 (RLIN) 6266
690 ## - LOCAL SUBJECT ADDED ENTRY--TOPICAL TERM (OCLC, RLIN)
Topical term or geographic name as entry element Construction management
9 (RLIN) 6230
856 40 - ELECTRONIC LOCATION AND ACCESS
Uniform Resource Identifier <a href="https://www.echarris.com/pdf/8356_Pipeline%20Report_Final.pdf">https://www.echarris.com/pdf/8356_Pipeline%20Report_Final.pdf</a>
Public note View the item free of charge from the www.echarris.com website
942 ## - ADDED ENTRY ELEMENTS (KOHA)
Suppress in OPAC 0
Holdings
Withdrawn status Lost status Source of classification or shelving scheme Damaged status Not for loan Home library Current library Shelving location Date acquired Total Checkouts Full call number Barcode Date last seen Copy number Price effective from Koha item type
    Dewey Decimal Classification     Virtual Virtual Online 03/09/2012   ONLINE PUBLICATION 157111-2001 06/08/2019 1 06/08/2019 Book